| 000 | 00347nam a2200145Ia 4500 | ||
|---|---|---|---|
| 005 | 20251222144717.0 | ||
| 008 | 251222s9999||||xx |||||||||||||| ||spa|| | ||
| 020 | _a970-17-0253-0 | ||
| 082 | _a004.015.1/J67 | ||
| 100 | _aJohnsonbaugh, Richard | ||
| 245 | 0 | _aMatemáticas Discretas | |
| 250 | _a4a.ed. | ||
| 264 | _bPrentice Hall | ||
| 942 | _cLIB | ||
| 999 |
_c18060 _d18060 |
||